000 01902cam a2200373 i 4500
999 _c66425
_d66425
001 768714001
003 CO-MdFUSB
005 20200704123619.0
007 ta
008 041112t2005 cau b 000 1 eng
010 _a2004027032
020 _a0787975923
020 _a9780787975920
040 _aDLC
_cCO-MdFUSB
_dYDX
_dCO-MdFUSB
_dUKM
_dBAKER
_dBTCTA
_dYDXCP
_bspa
_erda
041 _aeng
082 _223
_a823.92
_bM161
100 1 _aMcLaren, Brian D.,
_d1956-
_eautor
245 1 4 _aThe last word and the word after that :
_ba tale of faith, doubt, and a new kind of Christianity
_c/ Brian D. McLaren.
250 _aprimera edición
264 1 _aSan Francisco :
_bJossey-Bass,
_c[2005]
264 4 _c© 2005
300 _a202 páginas. ;
_c24 cm.
336 _2rdacontent
_atexto
_btxt
337 _2rdamedia
_asin mediación
_bn
338 _2rdacarrier
_avolumen
_bnc
504 _aIncluye referencias bibliográficas.
505 _aAlgo serio - Estallido -Poeta en una gabardina - Fiesta en la sala de estar, tortura en el sótano - Jugar duro - No sé - La arquitectura de la Biblia - Los dos primeros hilos - El tercer y cuarto hilos - El factor chivo expiatorio - Mejor de lo que nos dimos cuenta - Algo así como una respuesta directa - ¿ Termina en un abrazo? - Lecciones de piano y manos grumosas - Tienes un trabajo duro - En todo el mapa - Deconstruyendo el infierno - Propuesta, plan, implementación - Tarea - ¿Cómo puedo lastimarlo? - Buenas cartas de pesca de leucomas - Lobos en esmoquin de abogado - Arriba hacia las estrellas - Un desayuno colorido - Un nuevo tipo de cristianismo - Reflexiones - Para Dios, todos están vivos - Una parte de mí en el centro de mi mente - El último mejor palabra
563 _aRústico
653 _aCreencia y duda.
942 _cBK
945 _aJTF-925